Movies Quiz

Random Movies or Sporcle Quiz

Sporcle's Easiest Disney Movie (per Letter) Quiz Stats

 Plays Quiz Updated Jul 7, 2019

Score 0/18 Timer 03:00
0 Plays Today
Letter Disney Animated Movie % Correct
CCinderella
85.2%
AAladdin
79.9%
BBeauty and the Beast
77.1%
DDumbo
69.7%
SSnow White and the Seven Dwarfs
65.9%
L*Little Mermaid (The)
57.2%
FFrozen
56.4%
J*Jungle Book (The)
48%
TTangled
47.9%
Letter Disney Animated Movie % Correct
ZZootopia
46.4%
PPocahontas
45.3%
HHercules
37%
MMoana
31.7%
RRobin Hood
25.7%
E*Emperor's New Groove (The)
21.8%
OOne Hundred and One Dalmatians
21.1%
G*Great Mouse Detective (The)
19.6%
WWinnie the Pooh
16.1%

You're not logged in!

Compare scores with friends on all Sporcle quizzes.
OR
Log In

Sporcle TV

Today on Sporcle TV


Watch our educational content, quiz creation guides, and fun videos on Sporcle TV.

Show Comments

Extras

Top Quizzes Today


Score Distribution

Your Account Isn't Verified!

In order to create a playlist on Sporcle, you need to verify the email address you used during registration. Go to your Sporcle Settings to finish the process.

Report this User

Report this user for behavior that violates our Community Guidelines.

Details: